<?xml version="1.0" encoding="UTF-8"?>
<record
    xmlns:xsi="http://www.w3.org/2001/XMLSchema-instance"
    xsi:schemaLocation="http://www.loc.gov/MARC21/slim http://www.loc.gov/standards/marcxml/schema/MARC21slim.xsd"
    xmlns="http://www.loc.gov/MARC21/slim">

  <leader>     nam a22     7a 4500</leader>
  <datafield tag="999" ind1=" " ind2=" ">
    <subfield code="c">152782</subfield>
    <subfield code="d">152780</subfield>
  </datafield>
  <controlfield tag="005">20191107140405.0</controlfield>
  <controlfield tag="008">191107b        mx ||||| |||| 00| 0 spa d</controlfield>
  <datafield tag="020" ind1=" " ind2=" ">
    <subfield code="a">9786075020013</subfield>
  </datafield>
  <datafield tag="050" ind1="0" ind2="4">
    <subfield code="a">F1232.S232</subfield>
    <subfield code="b">F69 2010</subfield>
  </datafield>
  <datafield tag="100" ind1="1" ind2=" ">
    <subfield code="a">Fowler, Will</subfield>
    <subfield code="d">[1966-  ]</subfield>
  </datafield>
  <datafield tag="240" ind1=" " ind2=" ">
    <subfield code="a">Santa Anna of Mexico.</subfield>
    <subfield code="l">Espa&#xF1;ol</subfield>
  </datafield>
  <datafield tag="245" ind1="1" ind2="0">
    <subfield code="a">Santa Annna /</subfield>
    <subfield code="c">Will Fowler; traducci&#xF3;n de Ricardo Mart&#xED;n Rubio Ruiz</subfield>
  </datafield>
  <datafield tag="250" ind1=" " ind2=" ">
    <subfield code="a">Primera edici&#xF3;n</subfield>
  </datafield>
  <datafield tag="260" ind1=" " ind2=" ">
    <subfield code="a">Xalapa, Veracruz (M&#xE9;xico) :</subfield>
    <subfield code="b">Universidad Veracruzana,</subfield>
    <subfield code="c">2010</subfield>
  </datafield>
  <datafield tag="600" ind1="1" ind2="7">
    <subfield code="2">lemb</subfield>
    <subfield code="a">Santa Anna, Antonio L&#xF3;pez de, </subfield>
    <subfield code="d">1794?-1876</subfield>
    <subfield code="x">Biograf&#xED;a</subfield>
  </datafield>
  <datafield tag="650" ind1=" " ind2="7">
    <subfield code="2">lemb</subfield>
    <subfield code="a">Presidentes</subfield>
    <subfield code="z">M&#xE9;xico</subfield>
    <subfield code="x">Biograf&#xED;a</subfield>
  </datafield>
  <datafield tag="650" ind1=" " ind2="7">
    <subfield code="2">lemb</subfield>
    <subfield code="a">Generales </subfield>
    <subfield code="z">M&#xE9;xico</subfield>
    <subfield code="x">Biograf&#xED;a</subfield>
  </datafield>
  <datafield tag="651" ind1=" " ind2="7">
    <subfield code="2">lemb</subfield>
    <subfield code="a">M&#xE9;xico</subfield>
    <subfield code="x">Historia</subfield>
    <subfield code="y">1821-1861</subfield>
  </datafield>
  <datafield tag="700" ind1="1" ind2=" ">
    <subfield code="a">Rubio Ruiz, Ricardo Martin, </subfield>
    <subfield code="e">traductor</subfield>
  </datafield>
  <datafield tag="942" ind1=" " ind2=" ">
    <subfield code="2">lcc</subfield>
    <subfield code="c">LIB</subfield>
  </datafield>
  <datafield tag="952" ind1=" " ind2=" ">
    <subfield code="1">0</subfield>
    <subfield code="2">lcc</subfield>
    <subfield code="4">0</subfield>
    <subfield code="7">0</subfield>
    <subfield code="a">INV-033</subfield>
    <subfield code="b">INV-033</subfield>
    <subfield code="c">GENERAL</subfield>
    <subfield code="d">2019-11-07</subfield>
    <subfield code="k">CSA</subfield>
    <subfield code="o">F1232.S232 F69 2010</subfield>
    <subfield code="p">IIH000008250</subfield>
    <subfield code="r">2019-11-07 00:00:00</subfield>
    <subfield code="t">C:1</subfield>
    <subfield code="v">280.00</subfield>
    <subfield code="y">LIB</subfield>
  </datafield>
</record>
